{"text_format":"3","workbook":"xlsx","n_sheets":2,"sheets":["SUMMARY","MATERIAL TAKE-OFF"],"not_rendered":{"charts":1,"images":3,"defined_names":3},"read":"whole","date_system":"1900"}

{"sheet":"SUMMARY","index":0,"n_rows":18,"n_cols":4,"rows_kept":18,"merged":[[12,0,12,1],[13,0,13,3],[17,0,17,1]]}
[]
["Project ID:"]
[]
["Address:"]
[]
["No. of Floors:",2]
[]
["Building GSF",2475]
[]
["DIVISION NO.","DESCRIPTION","TOTAL DIV. COST","TOTAL DIV. COST (PER SF)"]
[1000,"General Requirements",{"$f":"'MATERIAL TAKE-OFF'!P19","v":{"v":3492.7531293200004,"d":"$3,493"}},{"$f":"C11/$B$8","v":{"v":1.4112133855838385,"d":"$1.41"}}]
[11000,"Appliances",{"$f":"'MATERIAL TAKE-OFF'!P30","v":{"v":29524.5404,"d":"$29,525"}},{"$f":"C12/$B$8","v":{"v":11.929107232323233,"d":"$11.93"}}]
["PROJECTED COST",null,{"$f":"SUM(C11:C12)","v":{"v":33017.29352932,"d":"$33,017"}},{"$f":"SUM(D11:D12)","v":{"v":13.340320617907071,"d":"$13"}}]
[]
["OVERHEAD AND PROFIT",{"v":0.2,"d":"20%"},{"$f":"$C$13*B15","v":{"v":6603.458705864,"d":"$6,603"}},{"$f":"$D$13*B15","v":{"v":2.6680641235814146,"d":"$3"}}]
["INSURANCE",{"v":0.03,"d":"3%"},{"$f":"$C$13*B16","v":{"v":990.5188058795999,"d":"$991"}},{"$f":"$D$13*B16","v":{"v":0.40020961853721215,"d":"$0"}}]
["CONTINGENCY",{"v":0.05,"d":"5%"},{"$f":"$C$13*B17","v":{"v":1650.864676466,"d":"$1,651"}},{"$f":"$D$13*B17","v":{"v":0.6670160308953537,"d":"$1"}}]
["SUGGESTED BASE BID",null,{"$f":"SUM(C13:C17)","v":{"v":42262.1357175296,"d":"$42,262"}},{"$f":"SUM(D13:D17)","v":{"v":17.07561039092105,"d":"$17"}}]

{"sheet":"MATERIAL TAKE-OFF","index":1,"n_rows":48,"n_cols":17,"rows_kept":48,"merged":[[2,10,2,11],[2,12,2,13],[3,10,3,11],[3,12,3,13],[4,10,4,11],[4,12,4,13],[5,10,5,11],[5,12,5,13],[6,10,6,11],[6,12,6,13],[7,10,7,11],[7,12,7,13],[10,1,10,14],[20,1,20,14],[22,1,28,1],[30,0,30,12],[31,0,31,13],[32,0,32,13],[33,0,33,13],[34,0,34,13],[35,0,35,12],[37,1,37,14]]}
[]
[]
["Project: "]
[]
["Address:"]
[]
["Scope:","APPLIANCES/EQUIPMENT"]
[]
["Date:"]
["SR #","REF","DESCRIPTION","QUANTITY","UNIT","WASTAGE","QUANTITY W/ WASTAGE","LABOR HOURS","WAGES","TOTAL LABOR  HOUR","TOTAL LABOUR COST","MATERIAL RATE","TOTAL MATETRIAL COST","EQUIPMENT RATE","TOTAL EQUIPMENT COSTS","SUB COST"]
[null,"01. GENERAL REQUIREMENTS"]
[1,null,"Supervision and Coordination",1,"LS",{"v":0,"d":"0%"},{"$f":"(F12*D12)+D12","v":{"v":1,"d":"1.00"}},{"$f":"2.5%*$Q$12/I12","v":{"v":14.137397241907683,"d":"14.14"}},{"v":52.21,"d":"$52.21"},{"$f":"H12*G12","v":{"v":14.137397241907683,"d":"14.14"}},{"$f":"I12*J12","v":{"v":738.1135100000001,"d":"$738.11"}},{"v":0,"d":"$0.00"},{"$f":"L12*G12","v":{"v":0,"d":"$0.00"}},{"v":0,"d":"$0.00"},{"$f":"N12*G12","v":{"v":0,"d":"$0.00"}},{"$f":"IF(D12=\"\",\"\",(K12+M12+O12))","v":{"v":738.1135100000001,"d":"$738.11"}},{"$f":"SUM(P23:P30)/2","v":{"v":29524.5404,"d":"$29,524.54"}}]
[{"$f":"A12+1","v":2},null,"Submittals and Shop drawings",1,"LS",{"v":0,"d":"0%"},{"v":1,"d":"1.00"},{"$f":"1.65%*$Q$12/I13","v":{"v":9.33068217965907,"d":"9.33"}},{"v":52.21,"d":"$52.21"},{"v":9.33068217965907,"d":"9.33"},{"v":487.15491660000004,"d":"$487.15"},{"v":0,"d":"$0.00"},{"v":0,"d":"$0.00"},{"v":0,"d":"$0.00"},{"v":0,"d":"$0.00"},{"v":487.15491660000004,"d":"$487.15"}]
[3,null,"Final Cleaning",1,"LS",{"v":0,"d":"0%"},{"v":1,"d":"1.00"},{"$f":"0.85%*$Q$12/I14","v":{"v":4.806715062248612,"d":"4.81"}},{"v":52.21,"d":"$52.21"},{"v":4.806715062248612,"d":"4.81"},{"v":250.95859340000004,"d":"$250.96"},{"v":0,"d":"$0.00"},{"v":0,"d":"$0.00"},{"v":0,"d":"$0.00"},{"v":0,"d":"$0.00"},{"v":250.95859340000004,"d":"$250.96"}]
[4,null,"Mobilization Costs",1,"LS",{"v":0,"d":"0%"},{"v":1,"d":"1.00"},{"$f":"2.35%*$Q$12/I15","v":{"v":13.28915340739322,"d":"13.29"}},{"v":52.21,"d":"$52.21"},{"v":13.28915340739322,"d":"13.29"},{"v":693.8266994,"d":"$693.83"},{"v":0,"d":"$0.00"},{"v":0,"d":"$0.00"},{"v":0,"d":"$0.00"},{"v":0,"d":"$0.00"},{"v":693.8266994,"d":"$693.83"}]
[5,null,"Bond @ 2%",1,"LS",{"v":0,"d":"0%"},{"v":1,"d":"1.00"},{"$f":"2%*$Q$12/I16","v":{"v":11.309917793526145,"d":"11.31"}},{"v":52.21,"d":"$52.21"},{"v":11.309917793526145,"d":"11.31"},{"v":590.490808,"d":"$590.49"},{"v":0,"d":"$0.00"},{"v":0,"d":"$0.00"},{"v":0,"d":"$0.00"},{"v":0,"d":"$0.00"},{"v":590.490808,"d":"$590.49"}]
[6,null,"Temporary Control & Facilities",1,"LS",{"v":0,"d":"0%"},{"v":1,"d":"1.00"},{"$f":"0.98%*$Q$12/I17","v":{"v":5.541859718827811,"d":"5.54"}},{"v":52.21,"d":"$52.21"},{"v":5.541859718827811,"d":"5.54"},{"v":289.34049592,"d":"$289.34"},{"v":0,"d":"$0.00"},{"v":0,"d":"$0.00"},{"v":0,"d":"$0.00"},{"v":0,"d":"$0.00"},{"v":289.34049592,"d":"$289.34"}]
[7,null,"Scaffolding",1,"LS",{"v":0,"d":"0%"},{"v":1,"d":"1.00"},{"$f":"1.5%*$Q$12/I18","v":{"v":8.482438345144608,"d":"8.48"}},{"v":52.21,"d":"$52.21"},{"v":8.482438345144608,"d":"8.48"},{"v":442.868106,"d":"$442.87"},{"v":0,"d":"$0.00"},{"v":0,"d":"$0.00"},{"v":0,"d":"$0.00"},{"v":0,"d":"$0.00"},{"v":442.868106,"d":"$442.87"}]
[{"$f":"IF(E19=0,\"\",1+MAX(A13:A18))","v":""},{"$nulls":13},"SUBTOTAL",{"$f":"SUM(P11:P18)","v":{"v":3492.7531293200004,"d":"$3,492.75"}}]
[{"$f":"IF(E20=0,\"\",1+MAX(#REF!))","v":""}]
[{"$f":"IF(E21=0,\"\",1+MAX(A20:A20))","v":""},"11. APPLIANCES"]
[{"$f":"IF(E22=0,\"\",1+MAX(A20:A21))","v":""},null,"Equipments"]
[{"$f":"IF(D23=0,\"\",1+MAX(A$12:A22))","v":8},"A-220","Pit Frames (Air Compressor)\r\nPurchased By: Corp\r\nInstalled By: Vendor\r\nVendor: Bear Services",{"v":1,"d":"1.00"},"EA",{"v":0,"d":"0%"},{"$f":"(F23*D23)+D23","v":{"v":1,"d":"1.00"}},{"v":7.512,"d":"7.51"},{"v":36.39,"d":"$36.39"},{"$f":"H23*G23","v":{"v":7.512,"d":"7.51"}},{"$f":"I23*J23","v":{"v":273.36168,"d":"$273.36"}},{"v":2478.16,"d":"$2,478.16"},{"$f":"L23*G23","v":{"v":2478.16,"d":"$2,478.16"}},{"v":0,"d":"$0.00"},{"$f":"N23*G23","v":{"v":0,"d":"$0.00"}},{"$f":"IF(D23=\"\",\"\",(K23+M23+O23))","v":{"v":2751.52168,"d":"$2,751.52"}}]
[{"$f":"IF(D24=0,\"\",1+MAX(A$12:A23))","v":9},null,"Oil Seperator\r\nPurchased By: GC\r\nInstalled By: GC",{"v":3,"d":"3.00"},"EA",{"v":0,"d":"0%"},{"v":3,"d":"3.00"},{"v":8.125,"d":"8.13"},{"v":36.39,"d":"$36.39"},{"v":24.375,"d":"24.38"},{"v":887.00625,"d":"$887.01"},{"v":3849,"d":"$3,849.00"},{"v":11547,"d":"$11,547.00"},{"v":0,"d":"$0.00"},{"v":0,"d":"$0.00"},{"v":12434.00625,"d":"$12,434.01"}]
[{"$f":"IF(D25=0,\"\",1+MAX(A$12:A24))","v":10},null,"Rolling Drain Pans (Coolar Tank)\r\nPurchased By: Corp\r\nInstalled By: Vendor\r\nVendor: Bear Services",{"v":2,"d":"2.00"},"EA",{"v":0,"d":"0%"},{"v":2,"d":"2.00"},{"v":3.947,"d":"3.95"},{"v":36.39,"d":"$36.39"},{"v":7.894,"d":"7.89"},{"v":287.26266,"d":"$287.26"},{"v":429.86,"d":"$429.86"},{"v":859.72,"d":"$859.72"},{"v":0,"d":"$0.00"},{"v":0,"d":"$0.00"},{"v":1146.9826600000001,"d":"$1,146.98"}]
[{"$f":"IF(D26=0,\"\",1+MAX(A$12:A25))","v":11},null,"Coolant Machine\r\nPurchased By: Corp\r\nInstalled By: Vendor",{"v":1,"d":"1.00"},"EA",{"v":0,"d":"0%"},{"v":1,"d":"1.00"},{"v":7.724,"d":"7.72"},{"v":36.39,"d":"$36.39"},{"v":7.724,"d":"7.72"},{"v":281.07636,"d":"$281.08"},{"v":2784.12,"d":"$2,784.12"},{"v":2784.12,"d":"$2,784.12"},{"v":0,"d":"$0.00"},{"v":0,"d":"$0.00"},{"v":3065.19636,"d":"$3,065.20"}]
[{"$f":"IF(D27=0,\"\",1+MAX(A$12:A26))","v":12},null,"Podium Work Stations (Refrigerator)\r\nPurchased By: Corp\r\nInstalled By: Operations",{"v":1,"d":"1.00"},"EA",{"v":0,"d":"0%"},{"v":1,"d":"1.00"},{"v":6.229,"d":"6.23"},{"v":36.39,"d":"$36.39"},{"v":6.229,"d":"6.23"},{"v":226.67331000000001,"d":"$226.67"},{"v":1498.72,"d":"$1,498.72"},{"v":1498.72,"d":"$1,498.72"},{"v":0,"d":"$0.00"},{"v":0,"d":"$0.00"},{"v":1725.39331,"d":"$1,725.39"}]
[{"$f":"IF(D28=0,\"\",1+MAX(A$12:A27))","v":13},null,"Computers\r\nPurchased By: Corp\r\nInstalled By: Operations",{"v":5,"d":"5.00"},"EA",{"v":0,"d":"0%"},{"v":5,"d":"5.00"},{"v":5.614,"d":"5.61"},{"v":36.39,"d":"$36.39"},28.07,{"v":1021.4673,"d":"$1,021.47"},{"v":1194.68,"d":"$1,194.68"},{"v":5973.400000000001,"d":"$5,973.40"},{"v":0,"d":"$0.00"},{"v":0,"d":"$0.00"},{"v":6994.867300000001,"d":"$6,994.87"}]
[{"$f":"IF(D29=0,\"\",1+MAX(A$12:A28))","v":14},null,"Computer Monitors\r\nPurchased By: Corp\r\nInstalled By: Operations",{"v":2,"d":"2.00"},"EA",{"v":0,"d":"0%"},{"v":2,"d":"2.00"},{"v":4.278,"d":"4.28"},{"v":36.39,"d":"$36.39"},{"v":8.556,"d":"8.56"},{"v":311.35283999999996,"d":"$311.35"},{"v":547.61,"d":"$547.61"},{"v":1095.22,"d":"$1,095.22"},{"v":0,"d":"$0.00"},{"v":0,"d":"$0.00"},{"v":1406.57284,"d":"$1,406.57"}]
[{"$f":"IF(E30=0,\"\",1+MAX(A22:A29))","v":""},{"$nulls":13},"SUBTOTAL",{"$f":"SUM(P22:P29)","v":{"v":29524.5404,"d":"$29,524.54"}}]
[]
["PROJECTED COST",{"$nulls":14},{"$f":"SUM(P11:P31)/2","v":{"v":33017.29352932,"d":"$33,017"}}]
["OVERHEAD AND PROFIT",{"$nulls":13},{"v":0.2,"d":"20%"},{"$f":"$P$32*O33","v":{"v":6603.458705864,"d":"$6,603"}}]
["INSURANCE",{"$nulls":13},{"v":0.03,"d":"3%"},{"$f":"$P$32*O34","v":{"v":990.5188058795999,"d":"$991"}}]
["CONTINGENCY",{"$nulls":13},{"v":0.05,"d":"5%"},{"$f":"$P$32*O35","v":{"v":1650.864676466,"d":"$1,651"}}]
["SUGGESTED BID",{"$nulls":14},{"$f":"SUM(P32:P35)","v":{"v":42262.1357175296,"d":"$42,262"}}]
["NOTES:"]
[null,"General Notes: The prices used while preparing the estimate were taken from RSMeans online i.e. the standard pricing. So, it is preferred to review the prices."]
[]
[null,null,"Note",{"$nulls":9},"Legend"]
[null,1,"The drawings are scaled as per the mentioned scales on the plans.",{"$nulls":9},"LBS = Pound "]
[{"$nulls":12},"SF= Square Feet"]
[{"$nulls":12},"LF = Linear Feet"]
[{"$nulls":12},"EA = Each"]
[{"$nulls":12},"CY = Cubic Yard"]
[{"$nulls":12},"SY = Square Yard"]
[{"$nulls":12},"LOC = Location"]
[{"$nulls":12},"LS = Lum Sum"]